000 00313nam a2200121Ia 4500
008 190216s9999||||xx |||||||||||||| ||und||
100 _aMyers O M
245 4 _aThe Coverley Papers From The Spectator
260 _bOxford At The Clarendon Press
_c1956
300 _a168p
650 _aEnglish General
942 _cBK
999 _c12257
_d12257